00323nam a22001457a 450000500170000002000180001704100120003508200160004710000140006324500500007725000070012726000240013430000080015836500110016620260324133047.0 a9788198250247 aEnglish aT16 R24 VEL aVelsamy B aIndhiya Thatthuvamum Thamizh Thathuva Marabum a01 aChennaibNCBHc2024 a316 b400.00